Biggest 6-Letter European Cities on a Map - Statistics

General Stats
  • This quiz has been taken 284 times
  • The average score is 25 of 30
Answers on the Map
Answers color-coded by a green-red scale on the quiz's map according to % correct below.
 
Answer Stats
Population City % Correct
9,047,570 London
100%
3,334,730 Madrid
100%
3,669,491 Berlin
99%
553,165 Dublin
99%
552,700 Lisbon
99%
12,455,682 Moscow
99%
1,794,166 Warsaw
99%
664,046 Athens
98%
1,484,226 Munich
98%
1,335,084 Prague
98%
1,921,153 Vienna
98%
940,940 Naples
97%
688,163 Zagreb
97%
421,712 Zürich
96%
779,966 Kraków
90%
418,495 Tirana
90%
509,900 Skopje
89%
1,017,699 Odessa
88%
470,805 Gdańsk
87%
578,460 Málaga
82%
352,751 Aarhus
80%
567,559 Bremen
79%
1,137,704 Rostov
69%
532,048 Poznań
67%
990,724 Dnipro
65%
459,403 Murcia
63%
1,144,759 Samara
63%
365,587 Bochum
51%
357,510 Grodno
44%
534,801 Ryazan
40%
No matching quizzes found
Score Distribution
Percent of People with Each Score
Percentile by Number Answered
Your Score History
You have not taken this quiz